000 00335 a2200157 4500
001 68130
020 _a9783126767453
040 _cAnchieta - Pituba
100 _aKrulak-Kempisty, Elzbieta
240 1 0 _aMaximal A2
_ldeu / ger
245 1 0 _aMaximal A2
300 _a155
362 0 _a2019
650 4 _aLíngua alemã
942 _cBK
999 _c68130
_d68130